| 000 | 00935cam a22002651 4500 | ||
|---|---|---|---|
| 001 | gs 05001018 | ||
| 003 | DLC | ||
| 005 | 20260227111302.0 | ||
| 008 | 880326t18441842nyuaf 001 0 eng c | ||
| 010 | _ags 05001018 | ||
| 035 | _a(OCoLC)17684582 | ||
| 040 |
_aU.S. Geol. survey. Library _cT _dT _dOCoLC _dDLC |
||
| 042 | _apremarc | ||
| 050 | 0 | 0 |
_aQE28 _b.H665 1845 |
| 100 | 1 |
_aHitchcock, Edward, _d1793-1864. |
|
| 245 | 0 | 0 |
_aElementary geology. _cBy Edward Hitchcock. |
| 250 |
_a3d ed., _brev. and improved. With an introductory notice by John Pye Smith. |
||
| 260 |
_aNew York, _bMark H. Newman, _c1844 [c1842] |
||
| 300 |
_axii, [13]-352 p. _billus., fold. col. pl., fold. tab., diagrs. _c20 cm. |
||
| 500 | _aIncludes index. | ||
| 500 | _aIncludes bibliographic citations. | ||
| 500 | _aNotes in "Addenda" (p. [349]-352) contain citations dated 1840-1843. | ||
| 650 | 0 | _aGeology. | |
| 700 | 1 |
_aSmith, John Pye, _d1774-1851. |
|
| 999 |
_c24333 _d24333 |
||